Leader xxxxxxxxxx
001 __ PCLIS00049368
005 __ 20220701114701.0
010 0_ |b盒裝|dNT$680
019 __ |a2733051014044|2EAN
100 __ |a20151109g20132016em y0chiy09 e
101 0_ |achi
102 __ |atw
126 __ |aagbzhxxa cd|bbex
127 __ |a005927|a005712|a005725|a005919|a005821|a005850|a003811
200 1_ |a紅樓夢青年版|b錄音資料|h(三)|f蔣勳主講
204 0_ |a錄音資料
210 __ |a臺北市|c財團法人趨勢教育基金會發行出版|c三民書局總經銷|d2014
215 0_ |a7張雷射唱片(約388分45秒)|c數位, 立體聲|d4 3/4吋|e1冊導讀書(47面)
225 2_ |a蔣勳系列有聲書
225 2_ |a文化聲勢
300 __ |a盛裝盒題名: 紅樓夢青年版(三) : 青春.叛逆.流浪 :《紅樓夢》四十一至六十回的故事
300 __ |a作者號由t038補0, 由t561刪除0
300 __ |a技術細節註: CD
301 __ |a2733051014044
322 __ |a監製: 楊豐雄 ; 錄音: 李雅婷 ; 後製: 張書銘
327 1_ |a上卷: Disc 01: 1, 櫳翠庵喫茶--2, 巧姐起名--3, 祭水--Disc 02: 1, 王熙鳳壽宴--2, 老管家賴嬤嬤--3, 鴛鴦拒婚--Disc 03: 1, 柳湘蓮--2, 香菱習詩--3, 冬日衣景--Disc 04:1, 詩戲--2, 襲人探病--3, 晴雯補裘--下卷: Disc 05: 1, 年宵--2, 家宴--3, 探春理家--Disc 06: 1, 興革除弊--2, 紫鵑--3, 藕官與芳官--Disc 07: 1, 芳官洗頭--2, 薔薇硝
330 __ |a青春有多少叛逆?青春有多少孤獨?青春可以心痛到如何程度?紅樓夢裡,十五到十九歲的少年少女,是西方說的teen-age,他們有潔癖,有青春的自負傲氣,他們不屑世俗苟且,他們背叛禮法體制,他們孤獨出走,流浪在心靈的天涯海角。像那年入夏時節,金釧的青春如此叛逆,可以在生命被蹂躪侮辱時,堅持寧為玉碎,沒有一點妥協。也像黛玉那句讀來令人心痛的話:「不拘哪裡的水,舀一碗,看著哭去」。還有一個少年寶玉,在平兒受辱之時,他要平兒知道:生命最困頓受辱傷痛的時刻,都不要難看邋遢,應該讓自己潔淨美麗起來。紅樓夢在哭青春、哭叛逆的生命、哭生死流浪的聚散,有多少不可告人的幽微心事等待一一探尋。這些深情的生命,或許今日也還活在我們生活周遭吧!
339 __ |a全套六部,館藏一∼四部
410 _0 |12001 |a蔣勳系列有聲書
410 _0 |12001 |a文化聲勢
500 11 |a紅樓夢|m中文
517 1_ |a蔣勳紅樓夢青年版|zchi
517 1_ |a紅樓夢青年版(三)|e青春.叛逆.流浪|e《紅樓夢》四十一至六十回的故事|zchi
517 1_ |a青春.叛逆.流浪|zchi
517 1_ |a《紅樓夢》四十一至六十回的故事|zchi
517 1_ |a紅樓夢四十一至六十回的故事|zchi
681 __ |a857.49|b848
681 __ |a857.49|b8480 v.3
681 __ |a857.49|b8480|v增訂八版
700 _1 |a蔣|b勳|f1947- |4主講
801 _0 |atw|b內湖高中|c20151109|gCCR
801 _2 |atw|b內湖高中|c20220630|gCCR
|